000 01236cam a2200229 i 4500
001 127991
005 20230410132630.0
008 171206s2014 sp 000 0 spa d
020 _a9788494304217
041 _aspa
050 1 4 _aPS 3232
_bC295d 2014
100 1 _aCarpenter, Edward,
_d1844-1929.
245 1 0 _aDías con Walt Whitman :
_bcon notas sobre su vida y su obra /
_cEdward Carpenter; Rosalía Cornejo Parriego
260 _aMadrid :
_bSeñor Lobo ediciones ,
_c2014
300 _a163 p. :
_c21 cm
520 _aEn Días con Walt Whitman, Edward Carpenter confecciona un magnífico retrato de Whitman a través de análisis de Hojas de hierba. Carpenter comienza narrando sus encuentros con el poeta estadounidense y las impresiones que este le causó. El autor consagra los siguientes capítulos a desgranar el trasfondo espiritual, sexual y social de la poesía whitmaniana. Este libro es una auténtica declaración de amor hacia la poesía y hacia whitman, que fue el faro que guió a Carpenter en su odisea vital y literal.
650 0 _aWhitman, Walt,
_d1819-1892.
650 4 _aWhitman, Walt,
_d1819-1892
_xCrítica e interpretación.
700 1 _aCornejo Parriego, Rosalía
942 _2lcc
_cbk
946 _adpf
999 _c84989
_d84989